MARC details
| 000 -CABECERA |
| campo de control de longitud fija |
03185nam a2200301 a 4500 |
| 001 - NÚMERO DE CONTROL |
| campo de control |
000112419 |
| 003 - IDENTIFICADOR DEL NÚMERO DE CONTROL |
| campo de control |
CHAP |
| 005 - FECHA Y HORA DE LA ÚLTIMA TRANSACCIÓN |
| campo de control |
20251023110411.0 |
| 008 - DATOS DE LONGITUD FIJA--INFORMACIÓN GENERAL |
| campo de control de longitud fija |
160315s2016 mx |rm |0|||||spa d |
| 010 ## - NÚMERO DE CONTROL DE LA BIBLIOTECA DEL CONGRESO |
| Número de control de LC |
108880 |
| 011 ## - ENLACE DEL NUMERO DE CONTROL DE LA BIBLIOTECA DEL CONGRESO [OBSOLETO] |
| Número de control de LC |
109852 |
| 040 ## - FUENTE DE LA CATALOGACIÓN |
| Centro/agencia transcriptor |
CHAP |
| 090 ## - LOCALMENTE ASIGNADO TIPO-LC NÚMERO DE CLASIFICACIÓN (OCLC); NÚMERO DE CLASIFICACIÓN LOCAL (RLIN) |
| Número de clasificación (OCLC) (R) ; Numero de clasificación, CALL (RLIN) (NR) |
Tesis |
| 100 00 - ENTRADA PRINCIPAL--NOMBRE DE PERSONA |
| Nombre de persona |
López Cerino, Rafael |
| 245 13 - MENCIÓN DE TÍTULO |
| Título |
La promoción global de los biocombustibles : |
| Resto del título |
la alianza entre estados y corporaciones / |
| Mención de responsabilidad, etc. |
por Rafael López Cerino; director Edit Antal. |
| 264 #1 - PRODUCCIÓN, PUBLICACIÓN, DISTRIBUCIÓN, FABRICACIÓN Y COPYRIGHT |
| Producción, publicación, distribución, fabricación y copyright |
UNAM. Méx. : |
| Nombre del de productor, editor, distribuidor, fabricante |
El autor, |
| Fecha de producción, publicación, distribución, fabricación o copyright |
2016. |
| 300 ## - DESCRIPCIÓN FÍSICA |
| Extensión |
185 p. |
| 502 ## - NOTA DE TESIS |
| Tipo de título |
Doctor en Ciencias Políticas y Sociales. |
| Nombre de la institución que otorga el título |
Universidad Nacional Autónoma de México. Programa de Posgrado en Ciencias Políticas y Sociales |
| Año de obtención del título |
2016. |
| 520 ## - SUMARIO, ETC. |
| Sumario, etc. |
La idea fundamental de la investigación fue analizar la promoción global de los biocombustibles¹ con énfasis en la alianza entre los Estados y las corporaciones durante el periodo 2000-2010. Рara entender la relación Estados-corporaciones y el aumento en la producción y el consumo del biocombustible se parte de que dicha promoción tuvo diferentes fases durante el periodo de estudio. La Fase 1 se refiere a la promoción de los biocombustibles en el mundo por medio de varias iniciativas de diferentes organismos internacionales, BM, ONU-FAO, FMI, OCDE, OMC y la UE, entre otros) apoyados por ONG y sectores industriales. Esta fase inició a partir del año 2000 y culminó en el 2007, año que "coincide" con el incremento del interés de EEUU y la UE por los biocombustibles como sustituto del petróleo2 y como instrumento de apoyo al sector rural a través de subsidios, además de ser una forma de reducir los Gases de Efecto Invernadero (GEI) para mitigar el cambio climático. La fase 2 comprendió la crisis alimentaria 2007-2008, producto del alza de los precios en los alimentos y la advertencia de grupos ecológicos que ligaban los biocombustibles con la deforestación de ciertos hábitats. Factores que hicieron retroceder a varios países y organismos internacionales en la promoción de biocombustibles3. La Fase 3 abarcó el periodo de 2008 y 2010. Debido al cuestionamiento sobre si los biocombustibles eran los causantes de la crisis alimentaria, hubo una polarización en el tema entre actores estatales y no estatales y surgieron alianzas estratégicas entre los promotores y detractores. A pesar de los contra discursos y críticas por parte de la comunidad científica y la mayoría de las ONG medioambientalistas, la promoción de los biocombustibles continuó a nivel global. La explicación de por qué se establecieron alianzas entre Estados y corporaciones para continuar la promoción de los biocombustibles a nivel global, a pesar de los continuos cuestionamientos sobre su viabilidad ecológica, social y económica es el centro de la presente investigación. |
| 650 14 - PUNTO DE ACCESO ADICIONAL DE MATERIA--TÉRMINO DE MATERIA |
| Término de materia o nombre geográfico como elemento de entrada |
Biocombustibles |
| Subdivisión general |
Aspectos económicos. |
| 650 14 - PUNTO DE ACCESO ADICIONAL DE MATERIA--TÉRMINO DE MATERIA |
| Término de materia o nombre geográfico como elemento de entrada |
Biocombustibles |
| Subdivisión general |
Industria. |
| 650 14 - PUNTO DE ACCESO ADICIONAL DE MATERIA--TÉRMINO DE MATERIA |
| Término de materia o nombre geográfico como elemento de entrada |
Biocombustibles |
| Subdivisión general |
Mercadeo. |
| 856 42 - LOCALIZACIÓN Y ACCESO ELECTRÓNICOS |
| Identificador Uniforme del Recurso |
<a href="http://10.13.5.2/tesis/109852.pdf">http://10.13.5.2/tesis/109852.pdf</a> |
| Texto de enlace |
DESCARGAR PDF |
| 901 ## - ELEMENTOS DE DATOS A LOCAL LDA (RLIN) |
| a |
BK |
| 942 ## - ELEMENTOS DE PUNTO DE ACCESO ADICIONAL (KOHA) |
| Tipo de ítem Koha |
Tesis |
| Fuente del sistema de clasificación o colocación |
Clasificación Universidad Autónoma Chapingo |
| 590 ## - NOTA LOCAL (RLIN) |
| Nota local |
BATCH-UPD |
| Procedencia (VM) [OBSOLETO] |
05 |
| Condición del los carretes individuales (VM) [OBSOLETO] |
20160315 |
| 590 ## - NOTA LOCAL (RLIN) |
| Nota local |
E5765TAJ |
| Procedencia (VM) [OBSOLETO] |
05 |
| Condición del los carretes individuales (VM) [OBSOLETO] |
20160315 |